000 00398nab a2200145Ia 4500
003 ES-SlBCS
005 20210601130228.0
008 140529s1991 xxu||||| |||| 00| 0 fre d
041 _afre
100 1 _aMoses, Stéphane
_919673
245 0 0 _aTémoignagne de Jérusalem
_c Stéphane Moses
651 4 _aJerusalén
_992390
773 0 _tEsprit
_gnº. 172, 1991, págs. 246-248
_wRev1438
942 _cAR
999 _c543167
_d543167